书目信息 |
| 题名: |
河北省图书馆服务创新优秀案例汇编
|
|
| 作者: | 靳志军 , 刘绍荣 主编 | |
| 分册: | ||
| 出版信息: | 石家庄 河北人民出版社 2023.05 |
|
| 页数: | 310页 | |
| 开本: | 20cm | |
| 丛书名: | ||
| 单 册: | ||
| 中图分类: | G259.252.2 | |
| 科图分类: | ||
| 主题词: | 图书馆学 , 图书馆事业 | |
| 电子资源: | ||
| ISBN: | 7-202-06394-8 | |
| 000 | 00731nam0 2200217 450 | |
| 001 | 2536689734 | |
| 005 | 20250904101648.34 | |
| 010 | @a7-202-06394-8@dCNY68.00 | |
| 100 | @a20250904d2023 km y0chiy0120 ea | |
| 101 | 0 | @achi |
| 102 | @aCN@b130000 | |
| 200 | 1 | @a河北省图书馆服务创新优秀案例汇编@AHe Bei Sheng Tu Shu Guan Fu Wu Chuang Xin You Xiu An Li Hui Bian@f靳志军,刘绍荣主编@FJin Zhi Jun,Liu Shao Rong Zhu Bian |
| 210 | @a石家庄@c河北人民出版社@d2023.05 | |
| 215 | @a310页@d20cm | |
| 606 | 0 | @a图书馆学 |
| 606 | 0 | @a图书馆事业 |
| 690 | @aG259.252.2@v4 | |
| 701 | 0 | @a靳志军@AJin Zhi Jun@4主编 |
| 701 | 0 | @a刘绍荣@ALiu Shao Rong@4主编 |
| 801 | 0 | @aCN@b大连网信软件有限公司图书馆·11@c20250904 |
| 905 | @aZUCC@dG259.252.2@e53 | |
| 河北省图书馆服务创新优秀案例汇编/靳志军,刘绍荣主编.-石家庄:河北人民出版社,2023.05 |
| 310页;20cm |
| ISBN 7-202-06394-8:CNY68.00 |
| ● |
| 相关链接 |
|
|
|
|
正题名:河北省图书馆服务创新优秀案例汇编
索取号:G259.252.2/53
 
预约/预借
| 序号 | 登录号 | 条形码 | 馆藏地/架位号 | 状态 | 备注 |
| 1 | 1440086 | 214400860 | 第一样本阅览室/ [索取号:G259.252.2/53] | 在馆 |